Donde el viento da la vuelta. (Record no. 140183)
[ view plain ]
| 000 -CABECERA | |
|---|---|
| campo de control de longitud fija | 00747cam a22002654a 4500 |
| 003 - IDENTIFICADOR DEL NÚMERO DE CONTROL | |
| campo de control | UPN |
| 005 - FECHA Y HORA DE LA ÚLTIMA TRANSACCIÓN | |
| campo de control | 20240924071132.0 |
| 008 - ELEMENTOS DE LONGITUD FIJA--INFORMACIÓN GENERAL | |
| campo de control de longitud fija | 081121s2005 es a r 000 f spa d |
| 020 ## - NÚMERO INTERNACIONAL NORMALIZADO PARA LIBROS | |
| Número Internacional Estándar del Libro | 8423675300 |
| 035 ## - NÚMERO DE CONTROL DEL SISTEMA | |
| Número de control de sistema | UPN01000168075 |
| 040 ## - FUENTE DE LA CATALOGACIÓN | |
| Centro catalogador/agencia de origen | UPN |
| Lengua de catalogación | spa |
| Centro/agencia transcriptor | UPN |
| 049 ## - COLECCIÓN | |
| Colección | CG |
| 050 #4 - SIGNATURA TOPOGRÁFICA DE LA BIBLIOTECA DEL CONGRESO | |
| Número de clasificación | PQ6669 I37 |
| Número de documento/Ítem | D64 2005 |
| 100 1# - ASIENTO PRINCIPAL--NOMBRE PERSONAL | |
| Nombre de persona | Sierra i Fabra, Jordi, |
| Fechas asociadas al nombre | 1947- |
| 9 (RLIN) | 30256 |
| 245 10 - MENCIÓN DE TÍTULO | |
| Título | Donde el viento da la vuelta. |
| 250 ## - MENCIÓN DE EDICIÓN | |
| Mención de edición | Cuarta edición |
| 260 ## - PUBLICACIÓN, DISTRIBUCIÓN, ETC. | |
| Lugar de publicación, distribución, etc. | Barcelona, Esp. : |
| Nombre del editor, distribuidor, etc. | Edebé, |
| Fecha de publicación, distribución, etc. | c2005. |
| 300 ## - DESCRIPCIÓN FÍSICA | |
| Extensión | 201 páginas : |
| Otras características físicas | ilustraciones |
| 490 0# - MENCIÓN DE SERIE | |
| Mención de serie | Periscopio ; |
| Designación de volumen o secuencia | 17 |
| 650 #4 - ASIENTO SECUNDARIO DE MATERIA - TERMINO TEMATICO | |
| Término de materia o nombre geográfico como elemento de entrada | Literatura española |
| 9 (RLIN) | 5069 |
| 650 #4 - ASIENTO SECUNDARIO DE MATERIA - TERMINO TEMATICO | |
| Término de materia o nombre geográfico como elemento de entrada | Guerrillas |
| Subdivisión geográfica | Guatemala |
| 9 (RLIN) | 15879 |
| 650 #4 - ASIENTO SECUNDARIO DE MATERIA - TERMINO TEMATICO | |
| Término de materia o nombre geográfico como elemento de entrada | Guatemala en la literatura |
| 9 (RLIN) | 46076 |
| 905 ## - TIPO DE MATERIAL | |
| Tipo de material | Libro |
| 942 ## - ELEMENTOS DE PUNTO DE ACCESO ADICIONAL (KOHA) | |
| Fuente del sistema de clasificación o colocación | Library of Congress Classification |
| Tipo de ítem Koha | Libro |
| Estado de retiro | Estado de pérdida | Fuente del sistema de clasificación o colocación | Estado dañado | No para préstamo | Código de colección | Localización permanente | Ubicación/localización actual | Ubicación en estantería | Fecha de adquisición | Total de préstamos | Clasificación | Código de barras | Fecha visto por última vez | Tipo de ítem Koha | Número de copia | Precio válido a partir de |
|---|---|---|---|---|---|---|---|---|---|---|---|---|---|---|---|---|
| Library of Congress Classification | Colección General | Bib. Gregorio Torres Quintero | Bib. Gregorio Torres Quintero | Planta baja | 05/09/2022 | 3 | PQ6669 I37 D64 2005 | 257451 | 31/12/2020 | Libro | ||||||
| Library of Congress Classification | Colección General | Bib. Gregorio Torres Quintero | Bib. Gregorio Torres Quintero | Planta baja | 05/09/2022 | PQ6669 I37 D64 2005 | AP767 | 05/09/2022 | Libro | Ej.2 | 05/09/2022 |
